[Event "XVIII Rapidplay Open"]
[Site "Villarrobledo ESP"]
[Date "2000.08.20"]
[Round "9"]
[White "Hamdouchi, Hichem"]
[Black "Topalov, Veselin"]
[Result "1/2-1/2"]
[WhiteElo "2541"]
[BlackElo "2707"]
[EventDate "2000.08.19"]

1.e4 c5 2.Cf3 d6 3.c3 Cf6 4.Fe2 Fd7 5.Dc2 Dc7 6.O-O g6 7.d4 cxd4 8.Cxd4 
Fg7 9.Fe3 O-O 10.c4 Cg4 11.Fxg4 Fxg4 12.Cb5 Da5 13.C1c3 Cc6 14.Cd5 Tfc8 
15.Fd2 Dd8 16.Fc3 a6 17.Fxg7 Rxg7 18.Dc3+ e5 19.Ca3 Cd4 20.Rh1 b5 21.b3 
Fe6 1/2-1/2

[Event "Match"]
[Site "Albacete ESP"]
[Date "2000.09.10"]
[Round "1"]
[White "Herraiz Hidalgo, Herminio"]
[Black "Topalov, Veselin"]
[Result "0-1"]
[WhiteElo "2415"]
[BlackElo "2707"]
[EventDate "2000.09.10"]

1.Cf3 Cf6 2.c4 c5 3.Cc3 d5 4.cxd5 Cxd5 5.e4 Cb4 6.Fc4 Cd3+ 7.Re2 Cf4+ 8.
Rf1 Ce6 9.h4 Cc6 10.Cg5 Cxg5 11.hxg5 g6 12.d3 Fg7 13.Fe3 Fd4 14.Dd2 Fe6 
15.Fb5 Tc8 16.Fxd4 Dxd4 17.Tc1 c4 18.Cd5 cxd3 19.Tc4 Dg7 20.Tc3 a6 21.Fxd3
Dd4 22.Tc4 De5 23.Dc3 Dxc3 24.Txc3 Rf8 25.a3 Rg7 26.Cf4 Cd4 27.Txc8 Txc8 
28.Ce2 b5 29.Re1 Fc4 30.Th3 Ce6 31.f4 Fxd3 32.Txd3 Tc2 33.Td2 Tc4 34.Rf2 
Txe4 35.g3 Tc4 36.Re3 Cc5 37.Cc3 b4 38.axb4 Txb4 39.Td5 Cb7 40.Td2 Cd6 41.
Rf3 a5 42.Te2 e6 43.Tc2 Tb3 44.Rf2 h6 45.gxh6+ Rxh6 46.Te2 Cc4 47.Cd1 Td3 
0-1

[Event "Match"]
[Site "Albacete ESP"]
[Date "2000.09.11"]
[Round "2"]
[White "Topalov, Veselin"]
[Black "Herraiz Hidalgo, Herminio"]
[Result "0-1"]
[WhiteElo "2707"]
[BlackElo "2415"]
[EventDate "2000.09.10"]

1.d4 Cf6 2.c4 g6 3.Cc3 Fg7 4.e4 d6 5.Cf3 O-O 6.Fe2 e5 7.O-O Ca6 8.Fe3 Cg4 
9.Fg5 De8 10.dxe5 dxe5 11.h3 h6 12.Fd2 Cf6 13.Fe3 De7 14.Cd5 Dd8 15.Dc2 c6
16.Cxf6+ Dxf6 17.c5 Cc7 18.Tad1 Fe6 19.Dc1 g5 20.Fc4 Dg6 21.Fxe6 Cxe6 22.
Dc4 Tfd8 23.Td6 Txd6 24.cxd6 Td8 25.Fxa7 Txd6 26.a4 Cd4 27.Fxd4 exd4 28.
Dd3 De6 29.Cd2 Td8 30.a5 Te8 31.Ta1 De5 32.g3 Db5 33.Cc4 Tf8 34.Ta3 Db4 
35.Rg2 Te8 36.Tb3 De7 37.Tb6 Ta8 38.Rg1 Dc7 39.Db3 Ta7 40.Rg2 De7 41.Df3 
De6 42.Dd3 De7 43.b4 Dd7 44.Ce3 Fe5 45.Cg4 Fg7 46.b5 cxb5 47.Txh6 Txa5 48.
e5 Dd5+ 0-1

[Event "Match"]
[Site "Albacete ESP"]
[Date "2000.09.12"]
[Round "3"]
[White "Herraiz Hidalgo, Herminio"]
[Black "Topalov, Veselin"]
[Result "1/2-1/2"]
[WhiteElo "2415"]
[BlackElo "2707"]
[EventDate "2000.09.10"]

1.Cf3 Cf6 2.c4 b6 3.g3 c5 4.Fg2 Fb7 5.Cc3 g6 6.O-O Fg7 7.d4 cxd4 8.Dxd4 d6
9.Td1 Cbd7 10.b3 a6 11.Fb2 O-O 12.Ce1 Ce4 13.De3 Cxc3 14.Fxc3 Fxg2 15.Fxg7
Rxg7 16.Rxg2 Cf6 17.Cd3 Dc7 18.Tac1 Tfd8 19.f3 Db7 20.Dd4 Tac8 21.e4 b5 
22.Td2 bxc4 23.bxc4 Tb8 24.Tb2 Dc6 25.Tb3 Rg8 26.Rf2 Cd7 27.Tc2 e6 28.Re2 
Tbc8 29.Ta3 Cc5 30.Td2 e5 31.Dd5 Ce6 32.Dxc6 Txc6 33.c5 Cd4+ 34.Rf2 f6 35.
cxd6 Cb5 36.Cb4 Tc4 37.Tb3 Cd4 38.Tbb2 Txd6 39.Cc2 h5 40.Cxd4 Tdxd4 41.
Txd4 1/2-1/2

[Event "Match"]
[Site "Albacete ESP"]
[Date "2000.09.13"]
[Round "4"]
[White "Topalov, Veselin"]
[Black "Herraiz Hidalgo, Herminio"]
[Result "1/2-1/2"]
[WhiteElo "2707"]
[BlackElo "2415"]
[EventDate "2000.09.10"]

1.d4 Cf6 2.c4 g6 3.Cc3 Fg7 4.e4 d6 5.Cf3 O-O 6.Fe2 e5 7.O-O Ca6 8.Fe3 Cg4 
9.Fg5 f6 10.Fc1 Ch6 11.dxe5 dxe5 12.Tb1 c6 13.b4 Cf7 14.b5 Dxd1 15.Fxd1 
cxb5 16.cxb5 Cc7 17.Fb3 Fe6 18.b6 axb6 19.Fxe6 Cxe6 20.Txb6 Cc5 21.Tb5 Ca4
22.Cxa4 1/2-1/2

[Event "34. Olympiad"]
[Site "Istanbul TUR"]
[Date "2000.10.31"]
[Round "4"]
[White "Lesiege, Alexandre"]
[Black "Topalov, Veselin"]
[Result "1/2-1/2"]
[WhiteElo "2584"]
[BlackElo "2707"]
[EventDate "2000.10.28"]

1.d4 Cf6 2.c4 c5 3.Cf3 cxd4 4.Cxd4 e6 5.g3 d5 6.Fg2 e5 7.Cb3 d4 8.O-O Cc6 
9.Fg5 Fe7 10.C1d2 O-O 11.Tc1 a5 12.Fxf6 Fxf6 13.Cc5 Fg5 14.Cce4 Fh6 15.c5 
Fe6 16.Cd6 f5 17.f4 e4 18.Cxb7 Dd7 19.Cd6 g6 20.C2xe4 fxe4 21.Fxe4 Tab8 
22.Da4 Cb4 23.Dxd7 Fxd7 24.a3 Cc6 25.Fd5+ Rg7 26.Cc4 g5 1/2-1/2

[Event "34. Olympiad"]
[Site "Istanbul TUR"]
[Date "2000.11.01"]
[Round "5"]
[White "Topalov, Veselin"]
[Black "Dutreeuw, Marc"]
[Result "1-0"]
[WhiteElo "2707"]
[BlackElo "2402"]
[EventDate "2000.10.28"]

1.e4 e5 2.Cf3 Cf6 3.Cxe5 d6 4.Cf3 Cxe4 5.d4 d5 6.Fd3 Cc6 7.O-O Fe7 8.c4 
Cb4 9.Fe2 O-O 10.Cc3 b6 11.Ce5 Fb7 12.Te1 Te8 13.Ff3 f6 14.Cxd5 Cxd5 15.
Fxe4 fxe5 16.cxd5 Fxd5 17.Fxd5+ Dxd5 18.Txe5 Df7 19.Fe3 Fd6 20.Txe8+ Txe8 
21.Da4 a5 22.b3 Te4 23.Db5 Th4 24.g3 Th5 25.Dc6 h6 26.De4 Dd7 27.h4 Df7 
28.Rg2 Tf5 29.Te1 Rh8 30.Te2 Rg8 31.Fd2 Td5 32.a4 Tf5 33.Fc1 Td5 34.Te3 
Tf5 35.Tf3 Txf3 36.Dxf3 De6 37.Fd2 Dg6 38.h5 Dc2 39.Dd5+ Rf8 40.Fe3 Dd3 
41.De6 De2 42.Df5+ Rg8 43.Dg6 Rh8 44.g4 Dd1 45.De8+ Rh7 46.De6 Rh8 47.d5 
Rh7 48.De4+ Rh8 49.Fd4 Ff8 50.Fe5 Fd6 51.Fb2 Ff8 52.Df3 1-0

[Event "34. Olympiad"]
[Site "Istanbul TUR"]
[Date "2000.11.02"]
[Round "6"]
[White "Vaganian, Rafael A"]
[Black "Topalov, Veselin"]
[Result "0-1"]
[WhiteElo "2623"]
[BlackElo "2707"]
[EventDate "2000.10.28"]

1.d4 Cf6 2.Cf3 c5 3.d5 b5 4.a4 b4 5.Fg5 Ce4 6.g3 g6 7.Fg2 d6 8.Fc1 Fg7 9.
Cfd2 Cxd2 10.Cxd2 Cd7 11.O-O O-O 12.Te1 a5 13.e4 Cb6 14.Ta2 e6 15.b3 exd5 
16.exd5 Fb7 17.Cf1 Te8 18.Txe8+ Dxe8 19.h4 f5 20.Ff4 Fe5 21.Ce3 Fxf4 22.
gxf4 De7 23.h5 Dh4 24.hxg6 hxg6 25.Df3 Df6 26.c4 bxc3 27.Te2 Fa6 28.Cc4 
Cxc4 29.bxc4 Tb8 30.Te6 Dxe6 31.dxe6 c2 32.De3 Tb1+ 33.Rh2 c1=D 34.Dg3 Rg7
35.Dh4 Dg1+ 36.Rh3 0-1

[Event "34. Olympiad"]
[Site "Istanbul TUR"]
[Date "2000.11.04"]
[Round "7"]
[White "Topalov, Veselin"]
[Black "Sasikiran, Krishnan"]
[Result "1/2-1/2"]
[WhiteElo "2707"]
[BlackElo "2573"]
[EventDate "2000.10.28"]

1.d4 Cf6 2.c4 g6 3.Cc3 Fg7 4.e4 d6 5.Cf3 O-O 6.Fe2 e5 7.O-O Cc6 8.d5 Ce7 
9.b4 Ch5 10.Te1 Cf4 11.Ff1 a5 12.bxa5 c5 13.a4 Txa5 14.Ta3 Ta6 15.Cb5 Fd7 
16.Rh1 h6 17.Cd2 Dc8 18.g3 Ch5 19.Fb2 Cf6 20.f4 Cg4 21.De2 h5 22.h3 Ch6 
23.fxe5 dxe5 24.Rh2 f6 25.Cb3 Cf7 26.Df2 b6 27.a5 f5 28.axb6 Fxb5 29.cxb5 
Txb6 30.Dxc5 Dd8 31.Cd2 Cd6 32.exf5 Cexf5 33.Cf3 h4 34.gxh4 Cxh4 35.Cxe5 
Txf1 36.Txf1 Txb5 37.Df2 Txb2 38.Dxb2 Cc4 39.Cf7 Dc7+ 40.d6 Cxd6 41.Dc1 
Dxc1 42.Txc1 Cxf7 43.Tc8+ Rh7 44.Ta7 Cd6 45.Tcc7 Cdf5 46.Txg7+ Cxg7 47.Rg3
Cf5+ 48.Rg4 Rh6 49.h4 Ch5 50.Ta6 Ce3+ 51.Rf3 Cd5 52.Rg4 Chf6+ 53.Rh3 Ce4 
54.Rg4 Cef6+ 55.Rh3 Ch5 56.Rg4 Ce3+ 57.Rf3 Cc4 58.Rg4 Ce5+ 59.Rh3 Rg7 60.
Tb6 Rf7 61.Ta6 Cg7 62.Txg6 Rxg6 63.h5+ Rh6 64.Rg3 Cf7 65.Rf4 Cg5 66.Re5 
Ch7 67.Rf4 Ce6+ 68.Rf5 Ceg5 69.Rf4 Rg7 70.Rf5 Rf7 71.h6 Re7 72.Re5 Cf7+ 
73.Rd5 Rd7 74.Rd4 Rd6 75.Rc4 Cxh6 76.Rd4 Cf6 77.Rc4 Cf5 78.Rd3 Rd5 79.Rc3 
Ch5 80.Rd3 Cf4+ 81.Rc3 Rc5 82.Rb3 Cd5 83.Rc2 Rd4 84.Rb2 Rd3 85.Rb3 Cd4+ 
86.Rb2 Cb6 87.Rb1 Cc4 88.Ra2 Rc3 89.Ra1 Cd2 90.Ra2 Cb5 91.Ra1 Rc2 92.Ra2 
Cb1 93.Ra1 Cd4 94.Ra2 Cb3 1/2-1/2

[Event "34. Olympiad"]
[Site "Istanbul TUR"]
[Date "2000.11.05"]
[Round "8"]
[White "Kozul, Zdenko"]
[Black "Topalov, Veselin"]
[Result "0-1"]
[WhiteElo "2611"]
[BlackElo "2707"]
[EventDate "2000.10.28"]

1.d4 Cf6 2.Cf3 c5 3.d5 b5 4.Fg5 Ce4 5.h4 g6 6.Cbd2 Cxg5 7.hxg5 Fg7 8.e4 
Ca6 9.a4 Fxb2 10.axb5 Cc7 11.Ta2 Fg7 12.c4 d6 13.Db3 e6 14.Fd3 Rf8 15.Ta3 
exd5 16.exd5 a6 17.O-O Tb8 18.Te1 h6 19.gxh6 Txh6 20.Ce4 Tb6 21.Da2 Fg4 
22.Ceg5 Ff6 23.Dd2 Th5 24.Da5 Ca8 25.Ce4 Fxf3 26.gxf3 Fd4 27.Rf1 Th2 28.
Re2 f5 29.Cd2 Fxf2 30.Tea1 Fe3+ 31.Rxe3 Dg5+ 0-1

[Event "34. Olympiad"]
[Site "Istanbul TUR"]
[Date "2000.11.06"]
[Round "9"]
[White "Topalov, Veselin"]
[Black "Khalifman, Alexander"]
[Result "1-0"]
[WhiteElo "2707"]
[BlackElo "2667"]
[EventDate "2000.10.28"]

1.Cf3 d5 2.d4 Cf6 3.c4 c6 4.Cc3 dxc4 5.a4 Ff5 6.Ce5 e6 7.f3 Fb4 8.e4 Fxe4 
9.fxe4 Cxe4 10.Fd2 Dxd4 11.Cxe4 Dxe4+ 12.De2 Fxd2+ 13.Rxd2 Dd5+ 14.Rc2 Ca6
15.Cxc4 O-O 16.De5 Tab8 17.a5 Tfd8 18.Fe2 f6 19.Dxd5 cxd5 20.Cd2 Tdc8+ 21.
Rb3 Rf7 22.Thc1 Re7 23.Ra3 Cc5 24.b4 Cd7 25.Cb3 g6 26.a6 bxa6 27.Cd4 Rd6 
28.Txc8 Txc8 29.Rb3 Cb6 30.Fxa6 Tb8 31.Cb5+ Rd7 32.Cxa7 e5 33.Fb5+ Rd6 34.
Tc1 e4 35.Tc6+ Re5 36.Tc7 Rf4 37.Txh7 Re3 38.Cc6 Tc8 39.Th6 Tg8 40.Ce7 Tg7
41.Cxg6 d4 42.Th3+ Rd2 43.Cf4 Tg5 44.Fa6 Tf5 45.Ce6 Td5 46.Fb7 Td6 47.Fxe4
Txe6 48.Td3+ Re2 49.Txd4 Re3 50.Ff5 Te5 51.Td6 Cd5 52.g4 Rd4 53.Fe6 Te3+ 
54.Ra4 Re5 55.Txd5+ Rxe6 56.Th5 Rd6 57.Th6 1-0

[Event "34. Olympiad"]
[Site "Istanbul TUR"]
[Date "2000.11.07"]
[Round "10"]
[White "Ivanchuk, Vassily"]
[Black "Topalov, Veselin"]
[Result "1/2-1/2"]
[WhiteElo "2719"]
[BlackElo "2707"]
[EventDate "2000.10.28"]

1.d4 Cf6 2.c4 e6 3.Cf3 c5 4.d5 d6 5.Cc3 exd5 6.cxd5 g6 7.h3 a6 8.a4 De7 9.
g3 Fg7 10.Fg2 O-O 11.O-O Cbd7 12.Ff4 Tb8 13.Tb1 Ce8 14.Dd2 Cb6 15.Fh6 Cc4 
16.Dc1 Fxh6 17.Dxh6 Ce5 18.b4 Cxf3+ 19.Fxf3 Ff5 20.e4 cxb4 21.Txb4 Fxh3 
22.Dxh3 Df6 23.Rg2 Dxc3 24.Tfb1 Cf6 25.Dh4 Cd7 26.Fe2 Tfe8 27.Txb7 Txb7 
28.Txb7 Cc5 29.Te7 Txe7 30.Dxe7 De5 31.Dxe5 dxe5 32.a5 Rf8 33.f4 f6 34.Rf3
Re7 35.Re3 Rd6 36.Ff1 Rc7 37.Rf3 Rd6 38.Fc4 Cb7 39.Fxa6 Cxa5 40.Fc8 Cb3 
41.Re3 Cc5 42.Fh3 Rc7 43.Fe6 Rd6 1/2-1/2

[Event "34. Olympiad"]
[Site "Istanbul TUR"]
[Date "2000.11.08"]
[Round "11"]
[White "Huebner, Robert Dr"]
[Black "Topalov, Veselin"]
[Result "1/2-1/2"]
[WhiteElo "2615"]
[BlackElo "2707"]
[EventDate "2000.10.28"]

1.d4 Cf6 2.Cf3 c5 3.d5 b5 4.Fg5 Ce4 5.Fh4 Fb7 6.Dd3 f5 7.Cbd2 Ca6 8.c3 c4 
9.Dd4 Cxd2 10.Cxd2 Db6 11.De5 Cc5 12.Dxf5 Dg6 13.Dxg6+ hxg6 14.Fg5 Fxd5 
15.f3 e5 16.e4 Fc6 17.Fe2 Fe7 1/2-1/2

[Event "34. Olympiad"]
[Site "Istanbul TUR"]
[Date "2000.11.09"]
[Round "12"]
[White "Topalov, Veselin"]
[Black "Leko, Peter"]
[Result "1/2-1/2"]
[WhiteElo "2707"]
[BlackElo "2743"]
[EventDate "2000.10.28"]

1.e4 c5 2.Cf3 Cc6 3.d4 cxd4 4.Cxd4 Cf6 5.Cc3 e5 6.Cdb5 d6 7.Fg5 a6 8.Ca3 
b5 9.Fxf6 gxf6 10.Cd5 f5 11.c3 Fg7 12.exf5 Fxf5 13.Cc2 O-O 14.Cce3 Fe6 15.
Fd3 f5 16.O-O Ta7 17.a4 Ce7 18.Cxe7+ Txe7 19.axb5 axb5 20.Fc2 d5 21.Fb3 f4
22.Cxd5 Td7 23.Cb4 Txd1 24.Fxe6+ Rh8 25.Taxd1 De7 26.Fd5 e4 27.Tfe1 e3 28.
Ff3 Fe5 29.Cc6 Df6 30.Cxe5 Dxe5 31.fxe3 fxe3 32.Td4 Te8 33.Te4 Db8 34.
T1xe3 Txe4 35.Fxe4 Df4 36.Te2 Dc1+ 37.Rf2 b4 38.cxb4 Df4+ 39.Ff3 Dxh2 40.
Te4 Dc7 41.Re3 Dc1+ 42.Rd4 Dxb2+ 43.Rc4 Da2+ 44.Rb5 Dd5+ 45.Rb6 Dd8+ 46.
Rc6 Da8+ 47.Rc5 Da7+ 48.Rb5 Db7+ 49.Rc4 Dc6+ 50.Rb3 Db5 51.Td4 Rg7 52.Td5 
Db6 53.b5 Rf6 54.Rc4 Re7 55.Td3 Da7 56.Rb4 Df2 57.Td1 h5 58.Fc6 Db6 59.
Td7+ Re6 60.Th7 Rd6 61.Ff3 Dd4+ 62.Ra5 h4 63.Fc6 Df2 64.Ra6 Rc5 65.Rb7 Df6
66.Td7 Dh6 67.Td5+ Rb4 68.b6 h3 69.gxh3 Dxh3 70.Ra7 Da3+ 71.Rb7 Dh3 72.
Tb5+ Rc4 73.Ra6 Da3+ 74.Ta5 Dd6 75.Fd5+ Rb4 76.Tb5+ Rc3 77.Fa2 Dc6 78.Fd5 
Dd6 79.Ff3 Df6 80.Ra5 Df8 81.b7 Da3+ 82.Rb6 Dd6+ 83.Fc6 Dd4+ 84.Rc7 Df4+ 
85.Rd7 Df7+ 86.Rd6 Df6+ 87.Rc7 Df4+ 1/2-1/2

[Event "34. Olympiad"]
[Site "Istanbul TUR"]
[Date "2000.11.10"]
[Round "13"]
[White "Azmaiparashvili, Zurab"]
[Black "Topalov, Veselin"]
[Result "1/2-1/2"]
[WhiteElo "2673"]
[BlackElo "2707"]
[EventDate "2000.10.28"]

1.d4 Cf6 2.Cf3 d5 3.c4 dxc4 4.e3 e6 5.Fxc4 c5 6.O-O a6 7.dxc5 Dxd1 8.Txd1 
Fxc5 9.b3 b6 10.Cc3 Cbd7 11.Fb2 1/2-1/2

[Event "34. Olympiad"]
[Site "Istanbul TUR"]
[Date "2000.11.12"]
[Round "14"]
[White "Topalov, Veselin"]
[Black "Hansen, Curt"]
[Result "1-0"]
[WhiteElo "2707"]
[BlackElo "2613"]
[EventDate "2000.10.28"]

1.Cf3 Cf6 2.c4 e6 3.Cc3 c5 4.g3 Cc6 5.Fg2 d5 6.cxd5 Cxd5 7.O-O Fe7 8.d4 
O-O 9.Cxd5 exd5 10.dxc5 Fxc5 11.Fg5 Dd7 12.Ce1 d4 13.Cd3 Fb6 14.a4 Df5 15.
Fd2 Fd7 16.b4 a6 17.Cf4 De5 18.Cd5 Fd8 19.Ff4 De6 20.Te1 Dg6 21.b5 axb5 
22.axb5 Txa1 23.Dxa1 Ce7 24.Dxd4 Fxb5 25.Cxe7+ Fxe7 26.De5 Fb4 27.Fe4 Te8 
28.Dxb5 Dxe4 29.f3 De7 30.Tc1 h6 31.Rf1 g5 32.Fc7 De3 33.Tc2 Ff8 34.Rg2 
Fg7 35.Fb6 De6 36.Ff2 Tc8 37.Td2 Dc6 38.Df5 Te8 39.e4 b5 40.Td7 De6 41.
Dxb5 g4 42.Dd5 Dxd5 43.Txd5 Te6 44.Fe3 Rh7 45.h3 gxf3+ 46.Rxf3 Rg6 47.h4 
Ff6 48.h5+ Rg7 49.Ff4 Fe7 50.Tb5 Fd8 51.e5 Fe7 52.Rg4 Fd8 53.Rf5 Fe7 54.
Tb7 Fd8 55.Tb8 Fa5 56.Ta8 Fc3 57.Td8 Fb4 58.g4 Fc5 59.g5 hxg5 60.Fxg5 Fe7 
61.h6+ Rh7 62.Fxe7 Txe7 63.Tf8 Rxh6 64.Rf6 Te6+ 65.Rxf7 Txe5 66.Rf6 1-0

[Event "FIDE WCh KO"]
[Site "New Delhi IND"]
[Date "2000.11.30"]
[Round "2.1"]
[White "Kharlov, Andrei"]
[Black "Topalov, Veselin"]
[Result "1/2-1/2"]
[WhiteElo "2627"]
[BlackElo "2707"]
[EventDate "2000.11.27"]

1.e4 c5 2.Cf3 d6 3.Fb5+ Fd7 4.Fxd7+ Dxd7 5.O-O Cf6 6.e5 dxe5 7.Cxe5 Dc8 8.
Df3 Cbd7 9.Cc4 e6 10.Cc3 Fe7 11.d3 O-O 12.Ff4 Cb6 13.Cd6 Fxd6 14.Fxd6 Te8 
15.Fg3 a6 16.Tad1 Cbd7 17.Ce4 Cxe4 18.dxe4 b5 19.Td6 Db7 20.De3 Tac8 21.
Tfd1 Cf8 22.f3 h6 23.Da3 b4 24.Dxa6 De7 25.a4 bxa3 26.Dxa3 Cg6 27.De3 Df6 
28.b3 Db2 29.Dc1 Df6 30.Da1 Dg5 31.Dc1 Df6 32.Dd2 Ta8 33.h3 Tec8 34.Rh1 c4
35.b4 c3 36.Dd3 Dg5 37.Rh2 h5 38.h4 Cxh4 39.Ta6 Cxg2 40.Txa8 Txa8 41.Rxg2 
h4 42.f4 Dxg3+ 43.Dxg3 hxg3 44.Td3 Ta4 45.Txc3 Txb4 46.Te3 Tc4 47.c3 f5 
1/2-1/2

[Event "FIDE WCh KO"]
[Site "New Delhi IND"]
[Date "2000.12.01"]
[Round "2.2"]
[White "Topalov, Veselin"]
[Black "Kharlov, Andrei"]
[Result "1-0"]
[WhiteElo "2707"]
[BlackElo "2627"]
[EventDate "2000.11.27"]

1.d4 d5 2.Cf3 e6 3.c4 dxc4 4.e3 Cf6 5.Fxc4 c5 6.O-O Cc6 7.De2 cxd4 8.Td1 
Fe7 9.Cc3 O-O 10.Cxd4 Cxd4 11.exd4 De8 12.Cb5 Dd8 13.Cc3 De8 14.Cb5 Dd8 
15.Ff4 Fd7 16.Cc7 Tc8 17.d5 Txc7 18.d6 Tc6 19.dxe7 Dxe7 20.Fb5 Tb6 21.Fxd7
Cxd7 22.Dd2 e5 23.Fe3 Cc5 24.b4 Ce4 25.Dc2 Txb4 26.a3 Td4 27.Fxd4 exd4 28.
Te1 d3 29.Dc4 Cd6 30.Dxd3 Df6 31.Tad1 Cf5 32.Dd7 g6 33.Dxb7 a6 34.Tc1 Cd4 
35.Tc8 Txc8 36.Dxc8+ Rg7 37.Dc5 Cc6 38.h3 h5 39.Td1 Ce5 40.Td5 Cc6 41.Td6 
1-0

[Event "FIDE WCh KO"]
[Site "New Delhi IND"]
[Date "2000.12.03"]
[Round "3.1"]
[White "Georgiev, Kiril"]
[Black "Topalov, Veselin"]
[Result "0-1"]
[WhiteElo "2661"]
[BlackElo "2707"]
[EventDate "2000.11.27"]

1.Cf3 c5 2.e4 d6 3.d4 cxd4 4.Cxd4 Cf6 5.Cc3 a6 6.Fe2 e6 7.f4 Fe7 8.O-O O-O
9.Rh1 Dc7 10.a4 Cc6 11.Fe3 Te8 12.Ff3 Fd7 13.Cb3 b6 14.g4 Fc8 15.g5 Cd7 
16.Fg2 Ff8 17.Dh5 g6 18.Dh3 Cb4 19.Fg1 Cc5 20.Cxc5 bxc5 21.Tf2 d5 22.Taf1 
Tb8 23.Td2 Fg7 24.e5 Da5 25.Cd1 Cc6 26.c3 Ce7 27.Ce3 Fb7 28.Ta1 Fc6 29.Ff3
Tb3 30.Dg2 Teb8 31.Cc4 dxc4 32.Fxc6 Cxc6 33.Dxc6 Ff8 34.Ta2 Td8 35.Td7 
Txd7 36.Dxd7 Tb8 37.Rg2 Td8 38.Db7 Td1 39.Db8 Td8 40.Db7 Td2+ 41.Ff2 Dd8 
42.Ta1 Dd3 43.a5 Df5 44.Df3 Dc2 45.Tf1 Dxb2 46.Rg1 Td5 47.Fe1 Db1 48.Ff2 
Dc2 49.Fe1 h5 50.Tf2 Dc1 51.De4 Td3 52.Te2 Txc3 53.Rg2 Td3 54.Ff2 Dd1 55.
h3 c3 0-1

[Event "FIDE WCh KO"]
[Site "New Delhi IND"]
[Date "2000.12.04"]
[Round "3.2"]
[White "Topalov, Veselin"]
[Black "Georgiev, Kiril"]
[Result "1/2-1/2"]
[WhiteElo "2707"]
[BlackElo "2661"]
[EventDate "2000.11.27"]

1.Cf3 Cf6 2.c4 g6 3.Cc3 Fg7 4.e4 O-O 5.d4 d6 6.Fe2 e5 7.O-O Ca6 8.Fe3 c6 
9.d5 Cg4 10.Fg5 f6 11.Fh4 c5 12.Ce1 h5 13.h3 Ch6 14.a3 Cf7 15.Cd3 Fh6 16.
b4 Rg7 17.Dc2 De7 18.Db2 Ff4 19.Fg3 Fxg3 20.fxg3 Tb8 21.bxc5 Cxc5 22.Cxc5 
dxc5 23.Fd3 b6 24.a4 a5 25.Ta3 Td8 26.Tb3 Td6 27.Db1 Fa6 28.Tf2 Dd8 29.
Tfb2 Rf8 30.Fe2 Ch6 31.Rh2 Rg7 32.Fd3 Cf7 33.Fe2 Ch6 34.Fd3 Rh7 35.Rg1 Rg7
36.Rh2 Cf7 1/2-1/2

[Event "FIDE WCh KO"]
[Site "New Delhi IND"]
[Date "2000.12.06"]
[Round "4.1"]
[White "Dreev, Alexey"]
[Black "Topalov, Veselin"]
[Result "1-0"]
[WhiteElo "2676"]
[BlackElo "2707"]
[EventDate "2000.11.27"]

1.d4 d5 2.c4 c6 3.Cf3 Cf6 4.e3 a6 5.b3 Fg4 6.Cbd2 Cbd7 7.Fb2 e6 8.Fd3 Fd6 
9.Dc2 Dc7 10.O-O Fh5 11.h3 O-O 12.c5 Fe7 13.Ce5 Rh8 14.f4 Cxe5 15.fxe5 Cd7
16.Fxh7 g6 17.g4 f5 18.gxh5 Rxh7 19.hxg6+ Rg7 20.Rh2 Cf6 21.Tf4 Ce4 22.
Cxe4 dxe4 23.Tg1 Th8 24.Dc4 Da5 25.Tf2 1-0

[Event "FIDE WCh KO"]
[Site "New Delhi IND"]
[Date "2000.12.07"]
[Round "4.2"]
[White "Topalov, Veselin"]
[Black "Dreev, Alexey"]
[Result "1-0"]
[WhiteElo "2707"]
[BlackElo "2676"]
[EventDate "2000.11.27"]

1.d4 d5 2.c4 c6 3.Cf3 Cf6 4.Cc3 e6 5.Fg5 h6 6.Fh4 dxc4 7.e4 g5 8.Fg3 b5 9.
Fe2 Fb7 10.Ce5 Fg7 11.h4 Cbd7 12.Dc2 c5 13.hxg5 cxd4 14.Cxb5 Cxe4 15.Cxc4 
Cxg3 16.Cbd6+ Rf8 17.Cxb7 Dc7 18.fxg3 Dxb7 19.O-O d3 20.Dxd3 Ce5 21.Cxe5 
Db6+ 22.Tf2 Fxe5 23.Df3 f5 24.Dxa8+ Re7 25.Df3 hxg5 26.Td1 Rf6 27.Fc4 g4 
28.Dd3 Rg5 29.Te1 Dc5 30.b4 Dd4 31.Txe5 Da1+ 32.Tf1 Dxe5 33.Dd2+ Rg6 34.
Te1 1-0

[Event "FIDE WCh KO"]
[Site "New Delhi IND"]
[Date "2000.12.08"]
[Round "4.3"]
[White "Topalov, Veselin"]
[Black "Dreev, Alexey"]
[Result "1-0"]
[WhiteElo "2707"]
[BlackElo "2676"]
[EventDate "2000.11.27"]

1.e4 c6 2.d4 d5 3.Cd2 dxe4 4.Cxe4 Ff5 5.Cg3 Fg6 6.h4 h6 7.Cf3 e6 8.Ce5 Fh7
9.Fd3 Fxd3 10.Dxd3 Cd7 11.f4 Cgf6 12.Fd2 Fe7 13.O-O-O O-O 14.Rb1 c5 15.
dxc5 Cxc5 16.Df3 Dc7 17.Fc3 Tac8 18.Fd4 Tfd8 19.c3 Ca4 20.Ce2 Da5 21.b3 
Cc5 22.g4 Ccd7 23.g5 Cxe5 24.fxe5 Dd5 25.Dd3 Cg4 26.Cf4 Dc6 27.De2 Fa3 28.
Th3 Fc5 29.Thd3 Fxd4 30.cxd4 Da6 31.Dxg4 Tc2 32.a4 h5 33.Cxh5 Tdc8 34.Cf6+
Rf8 35.Cd7+ Re7 36.Cc5 1-0

[Event "FIDE WCh KO"]
[Site "New Delhi IND"]
[Date "2000.12.08"]
[Round "4.4"]
[White "Dreev, Alexey"]
[Black "Topalov, Veselin"]
[Result "1-0"]
[WhiteElo "2676"]
[BlackElo "2707"]
[EventDate "2000.11.27"]

1.d4 Cf6 2.c4 g6 3.Cc3 Fg7 4.e4 d6 5.f3 O-O 6.Cge2 c5 7.d5 e6 8.Cg3 exd5 
9.cxd5 h5 10.Fe2 Ch7 11.Fe3 a6 12.a4 h4 13.Cf1 f5 14.exf5 gxf5 15.Ff4 Cd7 
16.Fxd6 Te8 17.Dd2 Ce5 18.Fxc5 h3 19.Rf2 hxg2 20.Rxg2 f4 21.Dxf4 Cg6 22.
Dg3 Ch4+ 23.Rf2 Cf5 24.Df4 b6 25.Fa3 Fe5 26.Dc4 Cg5 27.h4 Fd4+ 28.Re1 
Cxf3+ 29.Rd1 Ce5 30.Db3 Rh8 31.Rc2 Fc5 32.Td1 Cd4+ 33.Txd4 Fxd4 34.Rb1 
Ff5+ 35.Ra1 Df6 36.Cg3 Fh7 37.Cce4 Fxe4 38.Cxe4 Df4 39.Cg5 Dd2 40.Td1 Dxe2
41.Txd4 Tac8 42.Ra2 b5 43.d6 bxa4 44.Dxa4 Dc2 45.Dxc2 Txc2 46.Te4 1-0

[Event "FIDE WCh KO"]
[Site "New Delhi IND"]
[Date "2000.12.08"]
[Round "4.5"]
[White "Topalov, Veselin"]
[Black "Dreev, Alexey"]
[Result "1-0"]
[WhiteElo "2707"]
[BlackElo "2676"]
[EventDate "2000.11.27"]

1.e4 c6 2.d4 d5 3.Cd2 dxe4 4.Cxe4 Ff5 5.Cg3 Fg6 6.h4 h6 7.Cf3 e6 8.Ce5 Fh7
9.Fd3 Fxd3 10.Dxd3 Cd7 11.f4 Cgf6 12.Fd2 Fe7 13.O-O-O O-O 14.Df3 Dc7 15.c4
a5 16.Rb1 Tad8 17.Fc1 Tfe8 18.Ce2 c5 19.g4 cxd4 20.g5 Cxe5 21.fxe5 Ch7 22.
gxh6 Dxe5 23.hxg7 f5 24.Cg3 Dc7 25.De2 Fc5 26.Ch5 e5 27.Cg3 Df7 28.Df1 f4 
29.Ce4 Df5 30.Dd3 Fe7 31.Tdg1 Td6 32.c5 Te6 33.h5 Fg5 34.Ra1 Fh6 35.Df3 
Cg5 36.Cxg5 Fxg5 37.Dd5 Fh6 38.Tg6 Df7 39.De4 Tc8 40.Thg1 Txc5 41.Fd2 Tec6
42.a3 Tc8 43.Txh6 1-0

[Event "FIDE WCh KO"]
[Site "New Delhi IND"]
[Date "2000.12.08"]
[Round "4.6"]
[White "Dreev, Alexey"]
[Black "Topalov, Veselin"]
[Result "0-1"]
[WhiteElo "2676"]
[BlackElo "2707"]
[EventDate "2000.11.27"]

1.d4 Cf6 2.c4 g6 3.Cc3 Fg7 4.e4 d6 5.f3 O-O 6.Cge2 c5 7.d5 e6 8.Cg3 exd5 
9.cxd5 a6 10.a4 h5 11.Fg5 Dc7 12.Dd2 Te8 13.Fe2 Ch7 14.Fh6 Fd4 15.Fe3 Fh8 
16.O-O Cd7 17.f4 Cdf6 18.e5 h4 19.Cge4 dxe5 20.d6 Da5 21.Cxf6+ Cxf6 22.
fxe5 Txe5 23.Ff4 Te8 24.Fc4 Db4 25.b3 Fe6 26.Dd3 Ff5 27.Df3 Fg4 28.Dd3 Ff5
29.Df3 Fg4 30.Cd5 Fxf3 31.Cxb4 Fe2 32.Cd3 Ce4 33.d7 Ted8 34.Ce5 Fxe5 35.
Fxe5 Fxf1 36.Txf1 Txd7 37.h3 Cd2 38.Tf4 Cxc4 39.bxc4 Te8 40.Fc3 Te3 41.Ff6
Te6 42.a5 b6 43.Fc3 Td3 44.Fb2 Tb3 45.Ff6 bxa5 0-1

[Event "FIDE WCh KO"]
[Site "New Delhi IND"]
[Date "2000.12.09"]
[Round "5.1"]
[White "Adams, Michael"]
[Black "Topalov, Veselin"]
[Result "1-0"]
[WhiteElo "2755"]
[BlackElo "2707"]
[EventDate "2000.11.27"]

1.e4 c5 2.Cf3 d6 3.d4 cxd4 4.Cxd4 Cf6 5.Cc3 a6 6.Fe3 e6 7.Fe2 Dc7 8.a3 b5 
9.Dd2 Fb7 10.f3 Cbd7 11.O-O-O d5 12.exd5 Cxd5 13.Cxd5 Fxd5 14.Rb1 Cf6 15.
g4 Fc4 16.Ff4 Db6 17.Fe5 Cd5 18.The1 O-O-O 19.Fd3 Fc5 20.Cb3 Ff2 21.Tf1 
Fxd3 22.cxd3 Fe3 23.Dc2+ Rb7 24.d4 f6 25.Fg3 Ra7 26.Tfe1 g6 27.Dd3 Fh6 28.
Te2 The8 29.Tc2 Tc8 30.Te1 Txc2 31.Dxc2 Ff8 32.Tc1 Fd6 33.Dc6 Td8 34.Fxd6 
Txd6 35.De8 Dd8 36.Dxd8 Txd8 37.Tc6 Cf4 38.Cc5 Txd4 39.Txa6+ Rb8 40.Cxe6 
Cxe6 41.Txe6 Tf4 42.Tb6+ Ra7 43.Txb5 Txf3 44.Tc5 Rb6 45.Tc3 Tf4 46.h3 f5 
47.gxf5 Txf5 48.Ra2 Rb5 49.Tb3+ Ra5 50.Tb4 Tf3 51.h4 h5 52.Te4 Tg3 53.Te5+
Rb6 54.a4 Th3 55.Te4 Ra5 56.b3 Th1 57.Rb2 Tg1 58.Te5+ Rb6 59.Ra3 Tg4 60.
Te6+ Rc5 61.Tf6 Txh4 62.Txg6 Th1 63.Tg5+ Rb6 64.a5+ Rc6 65.Ra4 h4 66.Tg6+ 
Rc7 67.Th6 h3 68.Rb5 h2 69.b4 Rd7 70.Th7+ 1-0

[Event "FIDE WCh KO"]
[Site "New Delhi IND"]
[Date "2000.12.10"]
[Round "5.2"]
[White "Topalov, Veselin"]
[Black "Adams, Michael"]
[Result "1/2-1/2"]
[WhiteElo "2707"]
[BlackElo "2755"]
[EventDate "2000.11.27"]

1.e4 e5 2.Cf3 Cf6 3.Cxe5 d6 4.Cf3 Cxe4 5.d4 d5 6.Fd3 Cc6 7.O-O Fe7 8.c4 
Cb4 9.Fe2 O-O 10.Cc3 Ff5 11.a3 Cxc3 12.bxc3 Cc6 13.Te1 dxc4 14.Fxc4 Fd6 
15.Cg5 Dd7 16.Df3 Tae8 17.Txe8 Txe8 18.Fd2 Cd8 19.Fd3 Fxd3 20.Dxd3 f5 21.
c4 Fe7 22.Cf3 Ff6 23.Tb1 b6 24.c5 Dd5 25.cxb6 cxb6 26.Tb5 De4 27.Dc4+ Rh8 
28.h3 h6 29.Tb3 Dc6 30.Dd3 Dd5 31.Db5 Dxb5 32.Txb5 Ce6 33.Td5 Rg8 34.Td7 
Td8 35.Txa7 Cxd4 36.Cxd4 Fxd4 37.Rf1 Fxf2 38.Fxh6 Fd4 39.Fd2 Te8 40.Td7 
Te4 41.g3 1/2-1/2